AP COLLEGE FOOTBALL CHAMPIONS - Statistics

General Stats
  • This quiz has been taken 38 times
    12 since last reset
  • The average score is 39 of 82
Answer Stats
Hint Answer BOWL OPPONENT (if applicable) UPI (if different) Opponent % Correct
2016 CLEMSON Alabama - Tampa Ohio State - Fiesta Washington - Peach
100%
2014 OHIO STATE Oregon - Arlington Alabama - Sugar Florida State - Rose
100%
2015 ALABAMA Clemson - Glendale Michigan St - Cotton Oklahoma - Orange
89%
2017 ALABAMA Georgia - Atlanta Clemson - Sugar Oklahoma - Rose
89%
2011 ALABAMA LSU - New Orleans
78%
2012 ALABAMA Notre Dame - Miami
78%
2013 FLORIDA STATE Auburn - Pasadena
78%
2009 ALABAMA Texas - Pasadena
67%
2010 AUBURN Oregon - Glendale
67%
2006 FLORIDA Ohio State - Glendale
67%
2008 FLORIDA Oklahoma - Miami
67%
1977 NOTRE DAME Texas - Cotton
67%
2005 TEXAS Southern Cal - Rose
67%
1978 ALABAMA Penn State - Sugar Southern Cal Michigan - Rose
56%
2007 LSU Ohio State - New Orleans
56%
1983 MIAMI Nebraska - Orange
56%
1991 MIAMI Nebraska - Orange Washington Michigan - Rose
56%
1994 NEBRASKA Miami - Orange
56%
1995 NEBRASKA Florida - Orange
56%
1943 NOTRE DAME
56%
1946 NOTRE DAME
56%
1947 NOTRE DAME
56%
1949 NOTRE DAME
56%
1966 NOTRE DAME
56%
1973 NOTRE DAME Alabama - Sugar Alabama L - ND - Sugar
56%
1988 NOTRE DAME West Virginia - Fiesta
56%
2002 OHIO STATE Miami - Fiesta
56%
2004 SOUTHERN CAL Oklahoma - Orange
56%
1961 ALABAMA Arkansas - Sugar
44%
1964 ALABAMA L - Texas - Orange
44%
1965 ALABAMA Nebraska - Orange Michigan State L - UCLA - Rose
44%
1979 ALABAMA Arkansas - Sugar
44%
1992 ALABAMA Miami - Sugar
44%
1990 COLORADO Notre Dame - Orange Georgia Tech Nebraska - Citrus
44%
1999 FLORIDA STATE Virginia Tech - Sugar
44%
1987 MIAMI Oklahoma - Orange
44%
1989 MIAMI Alabama - Sugar
44%
2001 MIAMI Nebraska - Rose
44%
1948 MICHIGAN
44%
1997 MICHIGAN Washington State - Rose Nebraska Tennessee - Orange
44%
1942 OHIO STATE
44%
1954 OHIO STATE Southern Cal - Rose UCLA
44%
1968 OHIO STATE Southern Cal - Rose
44%
2000 OKLAHOMA Florida State - Orange
44%
1982 PENN STATE Georgia - Sugar
44%
1986 PENN STATE Miami - Fiesta
44%
1962 SOUTHERN CAL Wisconsin - Rose
44%
1967 SOUTHERN CAL Indiana - Rose
44%
1972 SOUTHERN CAL Ohio State - Rose
44%
2003 SOUTHERN CAL Michigan - Rose LSU Oklahoma - Sugar
44%
1938 TCU Carnegie Tech - Sugar
44%
1998 TENNESSEE Florida State - Fiesta
44%
1944 ARMY
33%
1945 ARMY
33%
1957 AUBURN Ohio State Oregon - Rose
33%
1984 BYU Michigan - Holiday
33%
1981 CLEMSON Nebraska - Orange
33%
1996 FLORIDA Florida State
33%
1993 FLORIDA STATE Nebraska - Orange
33%
1980 GEORGIA Notre Dame - Sugar
33%
1958 LSU Clemson - Sugar
33%
1953 MARYLAND L - Oklahoma - Orange
33%
1952 MICHIGAN STATE
33%
1936 MINNESOTA
33%
1940 MINNESOTA
33%
1941 MINNESOTA
33%
1960 MINNESOTA L - Washington - Rose
33%
1970 NEBRASKA LSU - Orange Texas L - ND - Cotton
33%
1971 NEBRASKA Alabama - Orange
33%
1950 OKLAHOMA L - Kentucky - Sugar
33%
1955 OKLAHOMA Maryland - Orange
33%
1985 OKLAHOMA Penn State - Orange
33%
1976 PITTSBURGH Georgia - Sugar
33%
1959 SYRACUSE Texas - Cotton
33%
1951 TENNESSEE L - Maryland - Sugar
33%
1963 TEXAS Navy - Cotton
33%
1969 TEXAS Notre Dame - Cotton
33%
1939 TEXAS A&M Tulane - Sugar
33%
1956 OKLAHOMA
22%
1974 OKLAHOMA Southern Cal
22%
1975 OKLAHOMA Michigan - Orange
22%
1937 PITTSBURGH
22%
No matching quizzes found
Score Distribution
Percent of People with Each Score
Percentile by Number Answered
Your Score History
You have not taken this quiz since the last reset